[Event "ESP-ch final"]
[Site "Ayamonte"]
[Date "2002.10.11"]
[Round "1"]
[White "Shirov, Alexei"]
[Black "Vallejo Pons, Francisco"]
[Result "1-0"]
[WhiteElo "2699"]
[BlackElo "2635"]
[Annotator "Lukacs,P"]
[PlyCount "157"]
[EventDate "2002.10.11"]
[EventType "match"]
[EventRounds "2"]
[EventCountry "ESP"]
[SourceTitle "CBM 092"]
[Source "ChessBase"]
[SourceDate "2003.02.06"]
[SourceVersion "1"]
[SourceVersionDate "2003.02.06"]
[SourceQuality "1"]

1. e4 c6 2. d4 d5 3. e5 c5 4. dxc5 e6 5. Qg4 h5 $1 {This is the most direct
approach, and probably the best.} (5... Qc7 6. Nf3 Nc6 {- 5..Nc6}) (5... Nc6 6.
Nf3 Qc7 7. Bb5 Bd7 (7... Nge7 8. O-O (8. b4) 8... Bd7 {(Conquest-Dyce, BCF-chT
1997)} 9. Qh5 $14 {shows that passive play leads nowhere for Black.}) 8. Bxc6
Qxc6 9. Be3 Nh6 10. Bxh6 gxh6 11. Nbd2 {Black's P structure is corrupted and
only one of his bishops can be active.} Qxc5 12. c4 O-O-O 13. O-O Kb8 14. Rfd1
Qb6 15. Qh4 $14 {Tal-Botvinnik, World Championship 24th Moscow 1961}) (5... Nd7
6. Nf3 (6. Bb5 Qc7 7. Nf3 {- 6.Nf3}) 6... Qc7 (6... Ne7 7. Bb5 $142 $14 {
is the usual reply here.} ({Pinning the other N by} 7. Bg5 {looks also logical,
although this may help Black's development.} h6 8. Bxe7 Qxe7 9. Nbd2 (9. Nc3 $6
Qxc5 10. Bd3 Qb4 $11) 9... Qxc5 (9... Nxc5 10. Be2) 10. c3 $14 {overprotecting
the critical d4 square.})) 7. Bb5 $5 (7. Bf4 {The B is usually passive here.}
Nxc5 8. Nc3 a6 9. O-O-O Ne7 10. Kb1 Bd7 11. Bd3 Rc8 12. Rhe1 b5 13. Nd4 b4 14.
Nce2 Ng6 15. Bg3 Nxd3 16. cxd3 (16. Rxd3 Nxe5 $17) 16... h5 {This looks better
than taking >< e5 immediately.} (16... Nxe5 17. Qh5 Bd6 18. Nf4 O-O 19. Nxd5
exd5 20. Bxe5 Rfe8 $11) 17. Qg5 h4 (17... Be7 18. Qe3 h4 19. Rc1 Qb7) 18. Bf4
Be7 $1 (18... Bc5 19. Rc1 Qb8 $13 (19... Nxf4 $2 {solves only White's problems
activating dramatically his pieces.} 20. Nxf4 Kf8 (20... Qb6 21. Qxg7 Rf8 22.
Nb3 $16) 21. Nb3 Be7 22. Ng6+ $1 $18 {Grischuk-La Rota, New York op 2000})) 19.
Qg4 O-O 20. Rc1 Qb8 $15 {and >< e5 remains a vulnerable target.}) (7. Nc3 Nxe5
8. Bb5+ Nd7 (8... Bd7 9. Bxd7+ Nxd7 10. b4 Ngf6 11. Nb5 Qb8 $13) 9. b4 a5 $1 {
Black has to blow up White's impressive P chain on the << otherwise he can
consolidate it and gain a big space advantage.} (9... Ngf6 $6 10. Qd4 a5 11.
Bf4 Qd8 12. c6 axb4 13. cxd7+ Bxd7 14. Bxd7+ Qxd7 15. Ne2 $16 {
Fedorov-Shtancheev, RUS-Cup Ekaterinburg 1997}) 10. Bf4 Qd8 11. c6 bxc6 12.
Bxc6 Ngf6 13. Qg5 (13. Qh3 Bxb4 $17) (13. Qg3 Bxb4 $17) 13... h6 $15) 7... Qxc5
8. Nc3 Qb4 9. h3 h5 10. Qf4 Qxf4 11. Bxf4 Ne7 12. O-O-O Ng6 13. Bh2 Bc5 14.
Rhf1 a6 15. Bd3 $14 {Grigore-Giraud, Rohde op 2002}) 6. Qf4 (6. Bb5+ {Now this
check helps only for Black to get rid of his bad "French" B.} Bd7 7. Bxd7+ Nxd7
(7... Qxd7 {is not so logical.} 8. Qe2 Bxc5 9. Nf3 Nc6 10. O-O Nge7 11. Be3 (
11. Nbd2 Nf5) 11... Bxe3 (11... d4 12. Rd1 Nf5 13. Bg5) 12. Qxe3 Nf5 13. Qf4 {
and White will finish his development, although a real advantage cannot be
seen.}) 8. Qe2 Bxc5 9. Nf3 {(Kindermann-Dautov, Bad Homburg 1997)} Qa5+ 10.
Nbd2 (10. c3 Qa6 {In the _|_ >< e5 remains a target and White has the passive
B.} 11. Qxa6 bxa6 {The corruption of the P structure is not important, Black
will organize pressure on the b and c lines.} 12. Nbd2 Ne7 13. Nb3 Bb6 $17)
10... Rc8 11. O-O Qa6 12. Qd1 Ne7 13. Nb3 Bb6 $17 {Dautov}) (6. Qg3 h4 7. Qg4 (
7. Qf4 Bxc5 8. Bd3 Qb6 {fighting against the natural development Nf3 and Be3.}
9. Nh3 Qb4+ 10. Qxb4 Bxb4+ 11. c3 Be7 12. Nd2 b6 {/\ Ba6 activating the "bad"
B.} 13. f4 Ba6 14. Bxa6 Nxa6 15. Nf3 Nh6 16. Be3 Nf5 $11 {Khenkin-Iordachescu,
Germany BL2 1997}) 7... Nh6 8. Bxh6 Rxh6 9. Nf3 (9. Bd3 Nc6 10. Nf3 f5 11. exf6
(11. Qf4 Bxc5) 11... Qxf6 12. Nc3 Bxc5 {Black has a strong pressure on the
dark squares.} 13. O-O-O Bd7 14. Bb5 O-O-O 15. Rhe1 Rg6 16. Qxh4 Rxg2 $15 {
Carton-Renet, Tch-FRA Noyon 2001}) 9... Nd7 (9... Nc6 10. Bb5) 10. Bb5 Rg6 11.
Qh3 (11. Qxh4 Rxg2 $1 {Black can bravely take the P, the exchange of queens is
not bad at all.} (11... Qa5+ 12. Nc3 Rxg2 13. Bf1 Rg6 14. b4 $16 {and White
wins a couple of tempi.}) 12. Qxd8+ Kxd8 13. Kf1 Rg6 14. b4 a5 $44) 11... a6
12. Bd3 (12. Bxd7+ Bxd7 {^^} 13. b4 b6 {blowing up White's P chain.}) 12... Rh6
13. O-O Nxc5 14. Nbd2 Bd7 15. Nb3 Nxd3 16. cxd3 {Black's ^^ has a bright
future.} Ba4 17. Qg4 Bb5 18. Rad1 a5 19. h3 Rc8 $11 {Khalifman-Kachiani,
Gersinka Bayern-ch Bank Hofman 1997}) (6. Qh3 Bxc5) 6... Bxc5 7. Bd3 Qb6 (7...
Nc6 {allows the natural developing move} 8. Nf3 Qb6 (8... Nb4 9. Be3 (9. O-O
Nxd3 10. cxd3) 9... b6 10. O-O Nh6 11. Nbd2 O-O 12. Nb3 Bxe3 13. Qxe3 Nxd3 14.
Qxd3 a5 15. Rfe1 Ba6 16. Qd2 {/\ Nbd4 blockading >< d4 and with a good N
versus a bad B.} d4 $5 17. Nbxd4 Bb7 {Black sacrifices the d P in order to get
the long /^, which is a good idea from practical point of view, but cannot be
completely correct.} 18. Rad1 Qe7 19. c3 a4 20. Qg5 $14 {Mortensen-Speelman,
Politiken Cup Copenhagen 2001}) 9. O-O $14) 8. c3 (8. Nh3 {is a rather
sophysticated development, White has no chance to blockade the vital d4 square.
} Nc6 9. O-O Bd4 10. Ng5 Qc7 11. Nf3 Bxe5 12. Nxe5 Qxe5 13. Qd2 Nge7 14. Re1 {
^^} Qf6 15. Nc3 $44 {Nunn-Khenkin, Birmingham 2000}) 8... Bd7 {/\ Bb5
exchanging his passive B.} (8... Nc6 9. b4 Be7 10. Nf3 $14) (8... g5 $5 {
- Nunn-Breder, BL 2000 CBM 82}) 9. b4 {White wants to finish his development
quickly, but this creates serious weaknesses in his P structure.} (9. Qg3 $5 {
deserves attention, for example:} Ne7 10. Nh3 $14 (10. b4 $2 {loses to} Bxb4 $1
11. cxb4 Qd4 12. Qxg7 Rg8 $19)) 9... Be7 10. Be3 (10. Nf3 Bb5 $11) 10... g5 $5
{Black is fighting for activity at any cost.} (10... Qc7 {gives White precious
time for development.} 11. Nf3 (11. Qg3 $5) 11... Nc6 12. O-O Nh6 13. h3 $14)
11. Qg3 (11. Bxb6 gxf4 12. Bc7 Nc6 13. b5 Nd8 14. Nf3 Rc8 $13) 11... h4 12. Qh3
Qc7 13. f4 {The battle still focuses on >< e5.} (13. Nf3 Nc6 14. O-O Nh6 $1
$132 {and the white Q is pathetic.}) 13... Nc6 14. Nf3 (14. b5 Na5 15. fxg5 Nc4
$44) 14... gxf4 15. Bxf4 f5 (15... Bf6 $5 {is the direct way to grab the main
target >< e5.} 16. O-O Nxe5 17. Re1 Nxf3+ $1 (17... Qb6+ 18. Be3 Qd6 19. Bf4
Qb6+ (19... Nxf3+ 20. Qxf3 e5 21. Qe3 Ne7 22. Bxe5 Bxe5 23. Qxe5 Qxe5 24. Rxe5
Rc8 $11) 20. Be3 $11) 18. Qxf3 Qb6+ 19. Kh1 (19. Be3 d4 $17) 19... Rc8 $15 {
and White is not well-developed to exploit the K in the middle.}) 16. O-O Nh6
$1 17. b5 Bc5+ {There is no need to give up the strong h P.} (17... Na5 $1 18.
Nd4 Rc8 $15) 18. Kh1 Ne7 (18... Na5 $2 19. Qxh4 $16) 19. Qxh4 O-O-O {Black has
good attacking chances on the h and g lines.} (19... Nf7 $5 {was also exciting:
} 20. Qf6 Rg8 21. Nh4 (21. h3 Ng6 $1) 21... Rg4 22. Nxf5 $1 (22. Bxf5 Rxf4 23.
Rxf4 exf5 24. Nf3 Ng8 25. Qg7 Ngh6) 22... Nxf5 23. Bxf5 Rxf4 (23... Be7 24.
Bxg4 Bxf6 25. exf6 e5) 24. Rxf4 Be7 $15) 20. Bxh6 $1 Ng8 {[#]} 21. Bf4 $5 {
Shirov's regular choice is to sacrifice material for activity, here he gives
his Q for a R and piece, however Black still retains the |^.} (21. c4 d4 22.
Qf4 Nxh6 23. Nbd2 Ng4 $44) (21. Qf4 Nxh6 $44) 21... Rxh4 22. Nxh4 Ne7 23. Nd2
Rh8 24. Nxf5 (24. Ndf3 Be8 $15) 24... Nxf5 25. Bxf5 Qb6 26. Bg4 Be3 (26... Rg8
$5 27. Bh3 Qxb5 $15) 27. Rae1 Bxf4 {Black wants to eliminate White's ^^.} (
27... Bxd2 28. Bxd2 Qxb5 $15) 28. Rxf4 Qxb5 29. Nb3 (29. c4 Qb4) 29... Qd3 30.
Rf3 Qg6 31. Bh3 Rh5 $1 32. Kg1 Kb8 33. Nd4 {White has consolidated his
position, but still the position is far from easy.} (33. Nc5 Bc8) 33... a6 (
33... Qh6 $5 34. Rf6 Qd2) 34. Rg3 (34. Rf6 Qd3) 34... Qh6 35. Bg4 Rg5 (35...
Rxh2 $2 36. Bh3) 36. h3 {From now on Black cannot find a clear-cut plan.} Rg8
37. Rf3 Qd2 38. Re2 Qc1+ 39. Kh2 Rg6 40. Bh5 Rh6 41. Bg4 (41. Bf7 Qg5) 41...
Qg5 42. Rg3 Qf4 43. Ree3 Qf2 $2 {Now the situation will be changed.} (43... Bc8
44. Kg1 Qf8 45. Rgf3 Qa3 $15) 44. Ref3 $1 Qe1 (44... Qxa2 45. Rf6 $1 $14) 45.
Rf7 $2 (45. Rf6 $1 $14 {finding the real target >< f6.}) 45... Bc8 46. Be2 Rh8
47. a4 Ka8 48. a5 Qa1 49. Bg4 Qe1 $1 (49... Qxa5 50. Bxe6 $1 $14) 50. Be2 Qa1
51. Rf6 Qe1 (51... Qxa5 52. Bg4 Re8 53. Bxe6 Bxe6 54. Nxe6 $14) 52. Rf1 Qd2 53.
Rf7 Qe1 54. Rf6 (54. Rf1 Qd2 55. Rf7 Qe1 $11) 54... Re8 55. Rf1 Qd2 56. Bh5 $1
Rh8 57. Bf7 Rf8 (57... Rh6 58. Bxe6 $1 Rxe6 (58... Bxe6 59. Rf8+ Bc8 (59... Ka7
60. Nc6+) 60. Rxc8+ Ka7 61. e6 $18) 59. Nxe6 Bxe6 60. Rf6 Bd7 (60... Bc8 61.
Rf8) 61. e6 $18) 58. h4 $1 {Now already White's chances are clearly better.
Black cannot find an antidote against the advance of the o^ h4.} (58. Rff3 $14)
58... Qh6 $1 59. Kh3 Rh8 60. h5 Bd7 (60... Qh7 61. Rf6 Qe4 62. Nf3 {/\ Rg8})
61. Kh4 Qf8 62. Rf6 Qb8 63. Nf3 (63. Re3 $14) 63... Ka7 (63... Qc7 64. h6 $1
Qxa5 65. Rg8+ $1 Rxg8 66. Bxg8 $18) 64. h6 Qf8 65. Rgg6 Qc5 66. Rg8 $1 $18 Qf2+
67. Kh3 Rh7 (67... Rxg8 68. Bxg8 $18) 68. Rg7 (68. Ng5 Qe3+ 69. g3 $18) 68...
Rh8 69. Bxe6 Bc6 (69... Bxe6+ 70. Rxe6 $18) 70. Bf5 Bb5 71. Rb6 Ka8 72. h7 {
and the o^ will decide the battle.} Bf1 73. Rg8+ Ka7 74. Rxh8 $5 (74. Nd4 $18)
74... Qxf3+ (74... Bxg2+ 75. Kg4 Bxf3+ 76. Kg5 $18) 75. Kh4 {The K will run
away from the checks.} Qf4+ (75... Qxf5 76. Ra8+) 76. g4 Qxe5 77. Rg8 Qh2+ 78.
Kg5 Qd2+ 79. Kg6 1-0

[Event "Moscow Aeroflot op-A"]
[Site "Moscow"]
[Date "2004.02.24"]
[Round "8"]
[White "Rublevsky, Sergei"]
[Black "Asrian, Karen"]
[Result "1-0"]
[WhiteElo "2655"]
[BlackElo "2599"]
[Annotator "Lukacs,P"]
[PlyCount "67"]
[EventDate "2004.02.17"]
[EventType "swiss"]
[EventRounds "9"]
[EventCountry "RUS"]
[SourceTitle "CBM 100"]
[Source "ChessBase"]
[SourceDate "2004.06.01"]
[SourceVersion "1"]
[SourceVersionDate "2004.06.01"]
[SourceQuality "1"]

1. e4 c6 2. d4 d5 3. e5 c5 4. c4 {White wants to blow up the whole [+] in
order to open up the position.} (4. dxc5 {is the main line nowadays.}) 4...
cxd4 ({The natural developing move} 4... Nc6 $142 {is supposed to be the best.}
5. cxd5 Qxd5 6. Nc3 Qxd4 7. Be3 Qb4 {White has no adequate compensation for
the sacrificed P, his development is not that frightening.} 8. a3 (8. Nf3 Bg4 (
8... e6 9. a3 Qa5 10. Bb5 Bd7 {- 8.a3} (10... Bd7 11. O-O Qc7 {is the
caoutious reply.} (11... Nxe5 $2 {founders on} 12. Nxe5 Bxb5 13. Qf3 $18) (
11... a6 12. b4 $1 {White has to open up the position for his better developed
pieces.} cxb4 13. axb4 Qxb4 (13... Qd8 14. Qa4 Nge7 15. Rfd1 Rc8 16. Bxc6 Rxc6
17. Qb3 $44 {Zigura-Tkachenko, Independence Cup op 2002}) 14. Qd2 Rd8 15. Bd3
$44) 12. Qb3 a6 $15 {and White has to retreat.}))) 8... Qa5 9. Bb5 e6 {The
position is fairly closed, so the extra tempi are not that relevant.} 10. Bxc6+
{White corrupts Black's P structure, but gives up the ^^.} bxc6 11. Qa4 Qb6 12.
b4 Qa6 13. Qxa6 Bxa6 14. bxc5 Ne7 {White has got back the P, but the light
squares are extremely weak in his position. Black has a strong ^^ and can put
a N on d5.-Topalovic-Mikhalchishin, Varazdin 2003 CBM 99}) 5. Nf3 (5. Qxd4 e6 (
5... Nc6 $5 6. Qxd5 $14) 6. cxd5 exd5 7. Nc3 {and the isolated P on d5 remains
a target.} Be6 8. Nf3 Nc6 9. Bb5 Nge7 10. Bg5 h6 {(Topalovic-Petrov, CRO-Cup
Pula 2000)} 11. Bxe7 Bxe7 12. O-O $14) 5... Nc6 6. Nxd4 e6 (6... Nxe5 7. cxd5
Qxd5 8. Nc3 $44 {and White has a lead of development for the P.}) 7. Nc3 (7.
cxd5 Qxd5 (7... exd5 8. Nxc6 bxc6 9. Bd3 $14) 8. Nxc6 bxc6 (8... Qxc6 9. Nc3
$14) 9. Qe2 $5 Rb8 10. Nc3 Qa5 11. Qe4 (11. g3 Ne7 $13) 11... Ne7 12. Bd3 Ba6
$13 {with enough compensation on the light squares for the worse P structure.})
7... Bb4 (7... Bc5 $2 8. Nxc6 bxc6 9. Qg4 g6 10. Bd3 $16 {Svidler-Falkenstein,
Darmsadt 2000}) (7... Nxe5 8. cxd5 $14) 8. Nxc6 bxc6 (8... Bxc3+ 9. bxc3 bxc6
10. Qg4 $16) 9. Bd3 (9. Qa4 Qb6 10. cxd5 exd5 11. Bd3 Ne7 12. O-O $14) 9... d4
(9... Ne7 10. O-O O-O 11. Qg4 $16) (9... dxc4 10. Bxc4 Qxd1+ 11. Kxd1 $14) 10.
a3 Ba5 (10... Qa5 $2 11. axb4 Qxa1 12. Ne4 $16) (10... Be7 11. Ne4 Qa5+ 12. b4
Qxe5 13. O-O Nf6 14. Qf3 $36) 11. b4 Bc7 $2 {Now White grabs the |^} (11...
dxc3 12. bxa5 Qxa5 13. Bf4 $14 (13. Qe2 $14)) 12. Ne4 $1 {[%mdl 128]} Bxe5 13.
Qh5 $1 Qc7 {[#]} (13... Bc7 14. Bg5 Qd7 (14... Ne7 15. Bf6 $1 $18) 15. O-O $44
{with a big lead of development for the sacrificed P.}) 14. f4 $1 Bd6 $6 ({
It was already better to take the second P.} 14... Bxf4 15. O-O $1 (15. Qc5 Ne7
16. Bxf4 Qxf4 17. Qxd4 O-O {and Black will escape.}) (15. Bxf4 Qxf4 16. Rf1
Qe3+ (16... Qc7 17. Rxf7 $1 $18) 17. Be2 Nf6 (17... Qxe4 18. Qxf7+ Kd8 19. Qf8+
Kc7 20. Rf7+ Bd7 21. Qxa8 $18 {wins outright.}) 18. Nxf6+ gxf6 19. Rxf6 Rf8 (
19... Qc3+ 20. Kf2 Rf8 (20... Qe3+ $2 21. Kf1 Rf8 22. Rf3 Qd2 23. Rd1 $18) (
20... Qxa1 $2 21. Rxf7 $18) 21. Rd1 $44 d3 22. Rf3 Qd4+ 23. Re3 d2 24. Qe5 $16
{and even the _|_ can be better for White.}) 20. Rf3 Qg1+ (20... Qe4 21. Kf1
$16) 21. Bf1 $44) 15... Bxc1 (15... Be5 16. Rxf7 Bxh2+ 17. Kh1 Qxf7 18. Qxh2
$40) 16. Raxc1 Kf8 17. Qc5+ Ne7 18. Nd6 f6 19. Rce1 $18) 15. Bb2 $16 Ne7 (15...
Bxf4 16. Bxd4 e5 17. Bc5 $16) 16. O-O Bxf4 17. Bxd4 ({missing the devastating} 
17. Rxf4 $1 Qxf4 18. Bxd4 {/\ Rf1} Nf5 (18... e5 19. Rf1 $18) (18... O-O $4 {
leads to a mate after} 19. Nf6+ $18) 19. Rf1 Qc7 20. Bc5 $18) 17... Nf5 18. Bc5
{Certainly there is nothing wrong with White's position!} Ba6 (18... a5 19.
Rxf4 Qxf4 20. Rf1 $18 {and Black collapses.}) (18... Bd7 19. g4 $18) 19. Rxf4
$1 Qxf4 20. Rf1 $18 Qh6 (20... g6 21. Nf6+ Kd8 22. Qd1 Ne3 23. Qd2 $18) (20...
Qc7 21. Rxf5 $1 exf5 (21... g6 22. Qh4 gxf5 23. Nf6+ Kd8 24. Nd5+ $18) 22. Nd6+
Kd8 23. Bxf5 $18) (20... Qe5 21. Nd6+ Kd7 22. Bxf5 exf5 23. Rxf5 Qe1+ 24. Rf1
$18) 21. Rxf5 $1 {The second exchange sacrifice in a row wins quickly.} Qxh5 (
21... exf5 22. Nd6+ $18) 22. Nd6+ $1 Kd7 23. Rxh5 Raf8 24. b5 Bc8 25. Rh4 Kc7
26. Nxc8 Rxc8 27. Bxa7 Rhd8 28. Be4 Rd1+ 29. Kf2 Rcd8 30. Rxh7 R8d2+ 31. Kg3
Ra2 32. Bc5 Rc1 33. b6+ Kb7 34. Rxg7 1-0